| 000 | 00759nam a2200217Ia 4500 | ||
|---|---|---|---|
| 999 |
_c37566 _d37566 |
||
| 001 | 3535 | ||
| 003 | GE_BSU | ||
| 005 | 20190621194101.0 | ||
| 008 | 181216s1987||||ge |||||||||||||| ||geo|| | ||
| 040 | _cGE_BSU | ||
| 041 | _ageo | ||
| 080 | _a159.9.07 ფ–87 | ||
| 100 |
_aფრანგიშვილი, ა. _979 |
||
| 245 | _aფსიქოლოგიური ნარკვევები | ||
| 264 |
_aთბილისი _bმეცნიერება _c1987 |
||
| 300 |
_a193 გვ. ; _b22 სმ. |
||
| 653 | _aფსიქოლოგია | ||
| 700 |
_aნადირაშვილი, შ. _eრედაქტორი _92767 |
||
| 710 |
_a საქ. სსრ მეცნ. აკადემია. _92768 |
||
| 942 |
_cBK _2udc |
||